000
00300nam a22001217a 4500
003
SGT
082
_a
370,HUG
100
_a
HUGHES,DENISE DEW
245
_a
EDUCATING CHILDREN WITH FRAGAILE X Syndrome: A Multi-Professional View
260
_a
LONDON
_b
ROUTLEDGE
_c
2016
300
_a
196
942
_2
ddc
_c
BK
999
_c
27207
_d
27207